000 00641nam a2200241 a 4500
003 AR-BaBNM
005 20251128203257.0
008 082120s2002 ||||||||||||||000 | spa||
040 _cAR-BaBNM
100 1 _aHonore, Serge
245 0 0 _aLos padres y la escuela
_bcomo colaborar
260 _aBuenos Aires
_bHuemul
_c1974
300 _a145 p.
490 0 _aPadres y educadores
650 4 _aPARTICIPACION DE LOS PADRES
650 4 _aRELACION FAMILIA-ESCUELA
650 4 _aPAPEL DE LOS PADRES
650 4 _aRELACION PADRES-DOCENTE
650 4 _aESCUELAS PRIMARIAS
800 1 _aRey, Rosa MarĂ­a
942 _cBK
998 _cLomberg
999 _c2677
_d2677